A criação do mundo: mitos e lendas (Record no. 188252)

MARC details
000 -LÍDER
campo de controle de tamanho fixo 00396 a2200169 4500
001 - NÚMERO DE CONTROLE
campo de controle 188252
020 ## - ISBN - INTERNATIONAL STANDARD BOOK NUMBER
ISBN - International Standard Book Number 85-08-04267-1
040 ## - FONTE DA CATALOGAÇÃO
Instituição que transcreveu o registro Magnum
100 ## - ENTRADA PRINCIPAL--NOME PESSOAL
Nome pessoal Ragache, Claude-Catherine
240 10 - TÍTULO UNIFORME
Título uniforme A criação do mundo: mitos e lendas
Idioma da obra por
245 10 - TÍTULO
Título A criação do mundo: mitos e lendas
300 ## - DESCRIÇÃO FÍSICA
Extensão 47
362 0# - DATAS DE PUBLICAÇÃO E/OU DESIGNAÇÃO SEQUENCIAL
Datas de publicação e/ou designação sequencial 2001
440 #1 - DECLARAÇÃO DE SÉRIE/ENTRADA ADICIONADA--TÍTULO
Título Ática
697 ## - ENTRADA DE ASSUNTO LOCAL--ENTIDADE COLETIVA (RLIN)
Nome corporativo ou nome da jurisdição HISTÓRIA GERAL
942 ## - ELEMENTOS DE ENTRADA ADICIONADOS (KOHA)
Tipo de material Koha Livros
Holdings
Situação do descarte Situação das perdas Situação física Não pode ser emprestado Biblioteca de origem Biblioteca atual Data de aquisição Total de empréstimos Número de chamada completo Código de barras Data de último acesso Data do preço efetivo Tipo de material Koha Fonte da classificação ou esquema de arquivamento na estante Número do exemplar
        Magnum Magnum 08/06/2024   1.51 MAG00060900 08/06/2024 08/06/2024 Livros    
        Portinari - Salvador Portinari - Salvador 09/08/2024   028.5 R141c 2143/CCP 09/08/2024 09/08/2024 Livros   Ex. 1